Elogio de la Bomba : homenaje a la tradición de Loíza /
Bewaard in:
| Hoofdauteur: | |
|---|---|
| Formaat: | Onbekend |
| Taal: | Spanish |
| Gepubliceerd in: |
Río Piedras, Puerto Rico :
Mano poderosa,
2004.
|
| Onderwerpen: | |
| Tags: |
Voeg label toe
Geen labels, Wees de eerste die dit record labelt!
|
MARC
| LEADER | 000000000a22000000004500 | ||
|---|---|---|---|
| 001 | 003747 | ||
| 020 | |a 0884951804 | ||
| 041 | 0 | |a spa | |
| 082 | 0 | 4 | |a 398 |b G643e |
| 100 | 1 | |a González García, Lydia Milagros | |
| 245 | 1 | 0 | |a Elogio de la Bomba : |b homenaje a la tradición de Loíza / |c Lydia Milagros González García. |
| 260 | 1 | |a Río Piedras, Puerto Rico : |b Mano poderosa, |c 2004. | |
| 300 | |a 47 páginas : |b ilustraciones, fotografías | ||
| 650 | 4 | |a MUSICA AFROAMERICANA | |
| 650 | 4 | |a MUSICA PUERTORRIQUEÑA | |
| 650 | 4 | |a FOLCLOR | |
| 650 | 4 | |a PUERTO RICO | |
| 999 | |c 10182 |d 10182 | ||
| 942 | |c BK |h 398 G643e |2 z | ||



